书目信息 |
| 题名: |
白门柳
|
|
| 作者: | 刘斯奋 著 | |
| 分册: | 秋露危城 | |
| 出版信息: | 北京 人民文学出版社 2004 |
|
| 页数: | 561页 | |
| 开本: | 22cm | |
| 丛书名: | ||
| 单 册: | ||
| 中图分类: | I247.53 | |
| 科图分类: | ||
| 主题词: | 长篇历史小说 , 长篇历史小说--中国--当代 | |
| 电子资源: | ||
| ISBN: | 978-7-02-009959-7 | |
| 000 | 00648nam0 2200229 450 | |
| 001 | 139352 | |
| 005 | 20140911140407.67 | |
| 010 | @a978-7-02-009959-7@dCNY 32.00 | |
| 100 | @a20131008d2004 em y0chiy50 ea | |
| 101 | 0 | @achi |
| 102 | @aCN@b110000 | |
| 105 | @ay z 000ay | |
| 200 | 1 | @a白门柳@Abai men liu@i秋露危城@b专著@f刘斯奋著 |
| 210 | @a北京@c人民文学出版社@d2004@h2013印 | |
| 215 | @a561页@d22cm | |
| 300 | @a茅盾文学奖获奖作品全集 | |
| 606 | 0 | @a长篇历史小说 |
| 606 | 0 | @a长篇历史小说@y中国@z当代 |
| 690 | @aI247.53@v5 | |
| 701 | 0 | @a刘斯奋@Aliu si fen@c(作家,@f1944 )@4著 |
| 801 | 0 | @c20140911 |
| 905 | @a241430@dI247.53@eL670:2 | |
| 白门柳.秋露危城/刘斯奋著.-北京:人民文学出版社,2004(2013印) |
| 561页;22cm |
| 茅盾文学奖获奖作品全集 |
| ISBN 978-7-02-009959-7:CNY 32.00 |
| ● |
| 相关链接 |
|
|
|
正题名:白门柳
索取号:I247.53/L670:2
 
预约/预借
| 序号 | 登录号 | 条形码 | 馆藏地/架位号 | 状态 | 备注 |
| 1 | 0830216 | 208302166 | 文学库108/108文学库 998排7列2层/ [索取号:I247.53/L670:2] | 在馆 | |
| 2 | 0830217 | 208302175 | 文学库108/108文学库 998排7列2层/ [索取号:I247.53/L670:2] | 在馆 | |
| 3 | 0830218 | 208302184 | 文学库108/108文学库 998排7列2层/ [索取号:I247.53/L670:2] | 在馆 |